Vacuum Physics and Technology

Guardat en:
Dades bibliogràfiques
Autors principals: Weissler, G. L (Autor), Carlson, R. W (Autor)
Format: Llibre
Idioma:anglès
Publicat: Nueva York Academic Press 1979
Col·lecció:Methods of Experimental Physics,14
Matèries:
Etiquetes: Afegir etiqueta
Sense etiquetes, Sigues el primer a etiquetar aquest registre!

MARC

LEADER 00000nam a2200000 a 4500
001 UCH3530
003 CL-VaPUC
008 090806e19790000US |||||||||||||||||eng|d
020 |a 0124759149 
082 0 4 |a 530.43  |b WEI  |2 21 
100 0 |a Weissler, G. L  |e author  |9 538837 
700 0 |a Carlson, R. W  |e author  |9 538838 
245 1 0 |a Vacuum Physics and Technology 
300 |a 593 p 
942 |c BK 
945 |d 20090806 00:00:00  |a dcastane 
260 |a Nueva York  |b Academic Press  |c 1979 
650 0 |a Física del vacío  |9 538839 
650 0 |a Medición del vacío   |9 538840 
650 0 |a Física teórica  |9 345827 
650 0 |a Dinámica de fluidos  |9 260582 
583 |a last modification  |c 20090806 00:00:00  |k Rodrigo Vera 
490 0 |a Methods of Experimental Physics,14 
999 |c 335017  |d 335015 
952 |0 0  |1 0  |4 0  |6 530_430000000000000_WEI_1979  |7 0  |8 A  |9 424518  |a BIBCUR  |b BIBCUR  |d 2019-11-22  |i 4524330  |o 530.43 WEI 1979  |p 4524330  |r 2025-04-22  |w 2019-11-22  |y BK  |k FIS